| 000 | 01025nam a22003017a 4500 | ||
|---|---|---|---|
| 005 | 20240530110353.0 | ||
| 008 | 141228s2010 ua g 000 0 ara d | ||
| 017 |
_a2009/22989 _bمصر . دار الكتب المصرية |
||
| 020 | _a9772327600 | ||
| 040 | _aEG-CaGPL | ||
| 041 | 0 | _aara | |
| 082 | 0 | 4 |
_221 _a371.3\ _bن د |
| 100 | 0 | _aناصر على محمد برقى | |
| 245 | 1 | 0 |
_aدراسات فى المناهج و طرق التدريس / _cناصر على محمد برقى |
| 250 | _aط 1 | ||
| 260 |
_aالقاهرة : _bعالم الكتب ، _c2010 |
||
| 300 |
_a256 ص ؛ _c24 سم |
||
| 650 | 0 | 4 | _aعلم النفس التربوى |
| 650 | 0 | 4 |
_aالمناهج _xتطوير |
| 650 | 0 | 4 | _aادب الاطفال |
| 650 | 0 | 4 |
_aالتاريخ _xطرق تدريس |
| 650 | 0 | 4 |
_aالقراءة _xميول _xالشباب |
| 650 | 0 | 4 | _aالمواطنة |
| 650 | 0 | 4 | _aتعليم الكبار |
| 650 | 0 | 4 |
_aالمناهج _xتخطيط |
| 942 |
_2ddc _cBK |
||
| 999 |
_c60106 _d60106 |
||